000 00799nam a2200253 i 4500
001 185879
003 SpMaBN
005 20230906222534.0
008 160817s1985 sp c |||| |dspa d
020 _a84-85641-57-4
080 _a1 Böhme, Jacob
100 1 _aReguera, Isidoro.
_995932
245 1 0 _aObjetos de melancolía
_b: (Jacob Böhme) /
_cIsidoro Reguera.
260 _aMadrid :
_bEdiciones Libertarias,
_c[1985]
300 _a259 p. :
_bretr. ;
_c20 cm.
490 1 _aPluma rota ;
_v2.
_aEnsayo
500 _aCronología.
500 _aÍndice.
504 _aBibliografía: p. 287-291.
600 1 4 _aBöhme, Jakob (
_d1575-1624)
_9160469
830 0 _aPluma rota ;
_v2.
_aEnsayo
_9224951
852 _aES-MaACL
_jL-30565
_z. - Donat. Miguel A. Velasco
999 _c185879
_d185879